000 00459nam a2200193Ia 4500
005 20240823020720.0
008 240823s9999||||xx |||||||||||||| ||und||
020 _a981-254-266-3
041 _aENGLISH
082 _A658.3112 P4
100 _a"Berry,Lilly M"
245 0 _aEmployee Selection
250 _a1st
260 _c2004
_b"Thompson,Aust"
500 _aYES
650 _aEmployment System
_bManagement Studies
942 _cBK
999 _c175399
_d175399